| 000 | 01063nam a22003015i 4500 | ||
|---|---|---|---|
| 001 | 13205 | ||
| 003 | ES-MaACL | ||
| 005 | 20250828080134.0 | ||
| 007 | t| | ||
| 008 | 910924s1991 sp ||||0| spa j | ||
| 020 |
_a84-87290-03-5 _zISBN (INVALIDADO) 84-87290-03-05 |
||
| 040 |
_aM-BN _bspa _cM-BN |
||
| 080 | _a908(464.1 M.)"16" | ||
| 100 | 1 |
_aHidalgo Monteagudo, Ramón. _963596 |
|
| 245 | 1 | 0 |
_aMadrid de los Austrias / _cGrupo Ciudad y Educación, Ramón Hidalgo Monteagudo, Rosalía Ramos Guarido, Fidel Revilla González. |
| 250 | _a2ª ed. | ||
| 260 |
_aMadrid : _bLa Librería, _c1991 ( _gimp. 1989) |
||
| 300 |
_a79 p : _bil ; _c22 cm. |
||
| 490 | 1 | _aRecorridos didácticos por Madrid | |
| 504 | _aBibliografía: p. 77-78. | ||
| 651 | 4 |
_aMadrid- _xDescripción- _yS.XVII. _98956 |
|
| 700 | 1 |
_aRamos Guarido, Rosalía. _995322 |
|
| 700 | 1 |
_aRevilla, Fidel. _996430 |
|
| 710 | 2 |
_aGrupo Ciudad y Educación _94505 |
|
| 830 | 0 |
_aRecorridos didácticos por Madrid _9179420 |
|
| 852 |
_aES-MaACL _jL-20508 _bR.123733 |
||
| 999 |
_c13205 _d13205 |
||